000 00783nas a2200265 4500
001 BR0808161
003 BR-BrBNA
005 20231205112813.0
007 ta
008 230509b bl.|||p| |||| 00| 00por d
040 _aBR-BrBNA
_bpor
_cBiblioteca Nacional de Agricultura
041 _a(Pt)
072 _aQ02; Q04
100 1 _aTeixeira, L.N.
100 1 _aStingheta, P.C.
100 1 _aOliveira, F.A. de
245 1 _aComparação de métodos para quantificação de antocianinas
650 _aPIGMENTO
650 _aPRESERVAÇÃO DE ALIMENTO
650 _aANTOCIANINA
650 _aEXTRAÇÃO
773 0 _tRevista Ceres (Brazil)
_xISSN 0034-737X
_g(Jul-Aug 2008), v. 55(4) p. 297-304
_wBR0808161
909 _a202311
_bLúcia
_c55
_dLúcia Elande
942 _2AGRIS
_n0
_cANA
999 _c200082
_d200082